¿Se debe aplicar siempre el denominado ajuste contable por inflación? (Registro nro. 17246)
[ vista simple ]
| 000 -LEADER | |
|---|---|
| fixed length control field | 00415 a2200121 4500 |
| 001 - CONTROL NUMBER | |
| control field | ART_2273 |
| 005 - DATE AND TIME OF LATEST TRANSACTION | |
| control field | 20260410161724.0 |
| 008 - FIXED-LENGTH DATA ELEMENTS--GENERAL INFORMATION | |
| fixed length control field | 260409a |
| 100 1# - MAIN ENTRY--PERSONAL NAME | |
| Personal name | DellElce, Quintino Pierino |
| 245 10 - TITLE STATEMENT | |
| Title | ¿Se debe aplicar siempre el denominado ajuste contable por inflación? |
| 700 1# - ADDED ENTRY--PERSONAL NAME | |
| Personal name | Geli, Alejandro César |
| 773 0# - HOST ITEM ENTRY | |
| Title | Administración de empresas |
| Related parts | - Año XVII, Nº 199 (oct. 1986) |
| Record control number | REV2036 |
No hay ítems disponibles.